Zneužívanie dominantného postavenia v teórii a v aplikačnej praxi
Teoretické východiská zneužívania dominantného postavenia. Recentná aplikačná prax v Slovenskej republike - generálna klauzula.
Uložené v:
| Hlavný autor: | |
|---|---|
| Médium: | Kapitola |
| Jazyk: | Slovak |
| Predmet: | |
| Tagy: |
Žiadne tagy, Buďte prvý, kto otaguje tento záznam!
|
MARC
| LEADER | 00000naa a2200000 4500 | ||
|---|---|---|---|
| 001 | 0158391 | ||
| 005 | 20231208095730.0 | ||
| 041 | 0 | |a slo | |
| 044 | |a SK | ||
| 245 | 1 | 0 | |a Zneužívanie dominantného postavenia v teórii a v aplikačnej praxi |c Katarína Kalesná |
| 520 | |a Teoretické východiská zneužívania dominantného postavenia. Recentná aplikačná prax v Slovenskej republike - generálna klauzula. | ||
| 610 | 2 | 0 | |a ochrana súťaže hospodárskej |
| 610 | 2 | 0 | |a politika protimonopolná |
| 610 | 2 | 0 | |a ochrana trhu |
| 610 | 2 | 0 | |a koncentrácia |
| 610 | 2 | 0 | |a Európska únia |
| 610 | 2 | 0 | |a legislatíva |
| 610 | 2 | 0 | |a sankcie |
| 100 | 1 | |a Kalesná, Katarína | |